Регионална библиотека "Любен Каравелов" - Русе

Свободата на избора (Запис номер 16549)

MARC детайли
000 -Лидер
Контролно поле с фиксирана дължина 01327nam a2200325 c 4500
003 - Код на организацията, давaща контролен номер
Контролно поле BLK
005 - Дата и час на последна редакция
Контролно поле 20180420215156.0
008 - Елементи от данни с фиксирана дължина
fixed length control field 180413b bul|||||r ||||||| ||bul||
010 ## - Наследен системен номер
LC control number KNG00018428000
020 ## - Международен стандартен номер на книга ISBN
Международен стандартен номер на книга ISBN 954-527-061-6
-- издат.: Дамян Яков
040 ## - Източник на каталожния запис
Идентификатор на билиотеката - собственик на записа BLK
041 ## - Код за език
Код за езика на текст/звукозапис или на отделно заглавие Български
Код за езика КДБФ Български
080 ## - УДК
Текстов определител УДК Икономическо развитие
УДК код - определител по УДК 330.34
УДК определител
УДК - код + определител 330.34
080 ## - УДК
Текстов определител УДК Управление на стопанството в условията на пазарно стопанство
УДК код - определител по УДК 338.242
УДК определител
УДК - код + определител 338.242
100 1# - Редна дума - Автор
Автор Фридман, Милтън
Авторска отговорност първи автор
R(LIN) 251773
139 ## - Редно поле
Редна дума Фридман, Милтън
Авторски знак Фри - Ф 83
245 10 - Сведения за заглавието
Заглавие Свободата на избора
Подзаглавни данни Лична декларация
Редно поле (дума) Милтън Фридман.
257 ## - Страна на издаване
Страна на създаване/издаване Съединени американски щати
260 ## - Област на издателските данни
-- София
Име на издателя, разпространителя и проч. Дамян Яков
Година на издаване 1997
Печатница В. Търново : Абагар
300 ## - Физическа характеристика
Страници 480 с.
Размери/Мащаб 22 см
380 ## - Жанр
Жанр Обществени науки
500 ## - Общи забележки
Забележка Ориг. загл. Free to choose / Milton, Rose Friedman. - 1 000 тир.
650 #4 - Допълнително описание по предмет – тема
Основно описание – тема или топоним Икономическо развитие - капиталистически страни
9 (RLIN) 261195
650 #4 - Допълнително описание по предмет – тема
Основно описание – тема или топоним Пазарна икономика
9 (RLIN) 243192
852 ## - Местоположение
Форматна сигнатура Цб 193983
856 4# - Електронен адрес и достъп
Електронен формат pdf - файл
Път до файла /url/
856 4# - Електронен адрес и достъп
Електронен формат pdf - файл
Път до файла /url/
942 ## - АРТИКУЛИ
Вид на библиотечния материал Книги
Скрит в OPAC Не
944 ## - СЪЗДАВАНЕ И РЕДАКЦИЯ на ЗАПИСА
Създаване/Редакция Създаване
Дата на регистрацията/редакция 15.01.2003
Служител, извършил регистрацията/редакцията Кети_Илиева
944 ## - СЪЗДАВАНЕ И РЕДАКЦИЯ на ЗАПИСА
Създаване/Редакция Редакция
Дата на регистрацията/редакция 01.02.2006
Служител, извършил регистрацията/редакцията
999 ## - СИСТЕМНИ КОНТРОЛНИ НОМЕРА
Koha biblionumber 16549
Koha biblioitemnumber 16549
Наличности
Код за отписване Код за изгубен артикул Източник на класификационната схема Код за повреда Коз за рестрикции Код за отдаване Артикулен № Име на библиотеката - собственик Име на библиотеката, в която се намира в момента Статус (Текущо местоположение) Дата на вписване в системата Местоположение - отдел Цена в лева Инвентарен номер Систематично азбучна сигнатура Баркод Номер на екземпляра Цена в евро Служебна бележка Служебен тип на артикула
  Не е изгубен Universal Decimal Classification Не е повреден без рестрикции ползва се в читалня 27910 Регионална библиотека "Любен Каравелов" Русе Регионална библиотека "Любен Каравелов" Русе Читалня 2001-01-01 Читалня 7.50 631305 Ч 330/Ф 83 120000631305 1 3.83 Дата инв: 22.03.2017 Бележки инв: Ч2017 Книги
  Не е изгубен Universal Decimal Classification Не е повреден без рестрикции заемане за дома 27911 Регионална библиотека "Любен Каравелов" Русе Регионална библиотека "Любен Каравелов" Русе Заемна - подръчен фонд 2001-01-01 Заемна - подръчен фонд 7.50 631306 П 330/Ф 83 120000631306 2 3.83 Дата инв: 05.02.2018 Бележки инв: П2018 Книги
  Не е изгубен Universal Decimal Classification Не е повреден без рестрикции ползва се в читалня 27912 Регионална библиотека "Любен Каравелов" Русе Регионална библиотека "Любен Каравелов" Русе Хранилище 2001-01-01 Хранилище 0.00 635098 Цб 193983 120000635098 3 0.00   Книги
Vip Innovations Ltd, Rousse, Bulgaria 2025